Liedtext - Das Sägewerk Bad Segeberg - Wise Guys - Statistiken

Allgemein
  • Dieses Quiz wurde 67 mal gespielt
  • Das Durchschnittsergebnis liegt bei 304 aus 410
Antwortstatistiken
Antwort % Korrekt
Da
100%
Sägewerk
100%
Bad
98%
Segeberg
96%
Das
94%
das
94%
Im
92%
im
92%
wir
88%
ist
86%
uns
86%
den
84%
in
84%
gern
80%
Und
80%
und
80%
Buchen
78%
Sie
78%
dann
76%
Die
75%
die
75%
Holz
75%
zersägen
75%
besuchen
73%
es
73%
kommen
73%
Na na nana na na na na na na
73%
schön
73%
Schön
73%
ich
71%
Ich
71%
mal
71%
nach
71%
Sind
71%
Stolz
71%
unser
71%
Eichen
69%
hat
69%
der
67%
ein
67%
Finger
67%
ganzer
67%
von
67%
liegt
65%
mehr
65%
Fichten
63%
für
63%
hier
63%
niemand
63%
viel
63%
zehn
63%
auch
61%
gibt's
61%
Frankreich
59%
Mit
59%
Spanien
59%
Tannen
59%
aufeinander
57%
Daumen
57%
fahr
57%
Sägen
57%
vom
57%
wenn
57%
zersägt
57%
mitten
55%
schnell
55%
alle
53%
am
53%
Bringer
53%
liefern
53%
merk
53%
mir
53%
schichten
53%
vorne
53%
zum
53%
ihr
51%
(jo)
51%
Klavier
51%
Linden
51%
zersägtes
51%
Kastanien
49%
kein
49%
Man
49%
man
49%
aus
47%
Erlen
47%
(hey!)
47%
Kiefern
47%
spielt
47%
Birken
45%
finden
45%
Lust
45%
Navi
45%
Pannen
45%
Pappel
45%
selber
45%
Wege
45%
weil
45%
kleine
43%
unserem
43%
kann
41%
sägt
41%
totale
41%
vertreiben
41%
voll
41%
wie
41%
wirken
41%
echten
39%
Eiben
39%
Kerlen
39%
sich
39%
wird
39%
wirklich
39%
Ahnen
37%
Arm
37%
brauche
37%
seinesgleichen
37%
sucht
37%
werd
37%
Arbeit
35%
Birkenscheiben
35%
danach
35%
erbauten
35%
Platanen
35%
Robinien
35%
Traum
35%
warm
35%
Birnbaum
33%
Kamin
33%
müd
33%
Pinien
33%
Schönste
33%
träge
33%
erst
31%
Esche
31%
unsere
29%
Scheiben
27%
Bevor
24%
Kirschbaum
16%
Nuss
16%
Keine übereinstimmenden Quizze gefunden
Verteilung der Resultate
Anzahl Personen mit jedem Resultat
Perzentil nach korrekt beantworteten Fragen
Ihre Resultats-Entwicklung
Sie haben dieses Quiz noch nicht gespielt